[Event "Helsingor Xtracon op"]
[Site "Helsingor"]
[Date "2019.07.27"]
[Round "9"]
[White "Fjallheim, Elmar Reinert"]
[Black "Krabbenhoft, Soren"]
[Result "1-0"]
[WhiteElo "1609"]
[BlackElo "1456"]
[PlyCount "43"]
[EventDate "2019.07.20"]
[EventType "swiss"]
[EventRounds "10"]
[EventCountry "DEN"]
[SourceTitle "CBM 191 Extra"]
[Source "ChessBase"]
[SourceDate "2019.09.30"]
[SourceVersion "1"]
[SourceVersionDate "2019.09.30"]
[SourceQuality "1"]

1. e4 e5 2. Nf3 Nc6 3. d4 exd4 4. Nxd4 Nxd4 5. Qxd4 c6 6. Nc3 Qe7 7. Be3 d6 8. 0-0-0 Nf6 9. h3 Qe5 10. Qd3 Be7 11. f4 Qe6 12. g4 b5 13. g5 Nh5 14. f5 Qe5 15. Ne2 Bd7 16. Bd4 Bxg5+ 17. Kb1 Qe7 18. Rg1 h6 19. e5 d5 20. Qf3 c5 21. Bf2 Bc6 22. Qxh5 1-0

[Event "Helsingor Xtracon op"]
[Site "Helsingor"]
[Date "2019.07.26"]
[Round "8"]
[White "Krabbenhoft, Soren"]
[Black "Rempe, Lennik"]
[Result "1-0"]
[WhiteElo "1456"]
[BlackElo "1147"]
[PlyCount "76"]
[EventDate "2019.07.20"]
[EventType "swiss"]
[EventRounds "10"]
[EventCountry "DEN"]
[SourceTitle "CBM 191 Extra"]
[Source "ChessBase"]
[SourceDate "2019.09.30"]
[SourceVersion "1"]
[SourceVersionDate "2019.09.30"]
[SourceQuality "1"]

1. d4 d5 2. Bf4 Nf6 3. h3 e6 4. Nf3 Be7 5. e3 0-0 6. Nbd2 Nbd7 7. Bd3 b6 8. c4 Bb7 9. 0-0 Rc8 10. Rc1 c5 11. b3 dxc4 12. Nxc4 Ne4 13. Ncd2 f5 14. Bc4 Rf6 15. Ne5 Nxe5 16. Bxe5 Rg6 17. Nf3 Bd6 18. Bxd6 Qxd6 19. Nh4 Rh6 20. Nxf5 Qc6 21. Nxh6+ gxh6 22. Qg4+ Kf7 23. Rfd1 Rg8 24. Qf4+ Ke8 25. d5 Qd7 26. Qxe4 Qg7 27. Qxe6+ Kd8 28. g3 Bc8 29. Qd6+ Bd7 30. Bb5 h5 31. Qxd7+ Qxd7 32. Bxd7 Kxd7 33. Rc4 Rg5 34. Rf4 Kd6 35. Rf7 Rxd5 36. Rxd5+ Kxd5 37. Rxa7 b5 38. Rd7+ Ke4 1-0

[Event "Helsingor Xtracon op"]
[Site "Helsingor"]
[Date "2019.07.25"]
[Round "7"]
[White "Krabbenhoft, Soren"]
[Black "Rendlev, Niels Moller"]
[Result "0-1"]
[WhiteElo "1456"]
[BlackElo "1721"]
[PlyCount "74"]
[EventDate "2019.07.20"]
[EventType "swiss"]
[EventRounds "10"]
[EventCountry "DEN"]
[SourceTitle "CBM 191 Extra"]
[Source "ChessBase"]
[SourceDate "2019.09.30"]
[SourceVersion "1"]
[SourceVersionDate "2019.09.30"]
[SourceQuality "1"]

1. d4 f5 2. c4 g6 3. Nc3 Nf6 4. g3 d6 5. Bg2 Nc6 6. Nf3 Bg7 7. 0-0 0-0 8. e3 e5 9. dxe5 dxe5 10. b3 e4 11. Nd4 Ne5 12. Na4 Qe7 13. Qc2 c5 14. Ne2 Nf3+ 15. Bxf3 exf3 16. Nf4 g5 17. Nd3 b6 18. Bb2 Ne4 19. Nc3 Qf7 20. Rad1 Qh5 21. Ne1 Bb7 22. Nd5 Bxb2 23. Qxb2 Rad8 24. Qe5 Bxd5 25. Rxd5 g4 26. Qxe4 fxe4 27. Rxh5 Rfe8 28. Rg5+ Kf7 29. Rxg4 Rd2 30. Rf4+ Kg6 31. Rg4+ Kf5 32. Rf4+ Ke5 33. Rf7 Rxa2 34. Rxh7 Re6 35. h4 Kf5 36. Rh5+ Kg4 37. Kh2 Kxh5 0-1

[Event "Helsingor Xtracon op"]
[Site "Helsingor"]
[Date "2019.07.23"]
[Round "5"]
[White "Krabbenhoft, Soren"]
[Black "Huse, Lars Paul"]
[Result "1-0"]
[WhiteElo "1456"]
[BlackElo "1124"]
[PlyCount "45"]
[EventDate "2019.07.20"]
[EventType "swiss"]
[EventRounds "10"]
[EventCountry "DEN"]
[SourceTitle "CBM 191 Extra"]
[Source "ChessBase"]
[SourceDate "2019.09.30"]
[SourceVersion "1"]
[SourceVersionDate "2019.09.30"]
[SourceQuality "1"]

1. d4 d5 2. Nf3 Nc6 3. Bf4 Bf5 4. c3 Nf6 5. h3 h6 6. e3 e6 7. Be2 Bd6 8. Bxd6 Qxd6 9. Nbd2 0-0 10. 0-0 Rfe8 11. Rc1 a6 12. c4 e5 13. dxe5 Nxe5 14. cxd5 Rac8 15. Nxe5 Qxe5 16. Nc4 Qe7 17. d6 cxd6 18. Qxd6 Qxd6 19. Nxd6 Rxc1 20. Rxc1 Re5 21. Nxf5 Rxf5 22. Rc8+ Kh7 23. Bd3 1-0

[Event "Helsingor Xtracon op"]
[Site "Helsingor"]
[Date "2019.07.21"]
[Round "3"]
[White "Madison, Sigurd"]
[Black "Krabbenhoft, Soren"]
[Result "1-0"]
[WhiteElo "1700"]
[BlackElo "1456"]
[PlyCount "29"]
[EventDate "2019.07.20"]
[EventType "swiss"]
[EventRounds "10"]
[EventCountry "DEN"]
[SourceTitle "CBM 191 Extra"]
[Source "ChessBase"]
[SourceDate "2019.09.30"]
[SourceVersion "1"]
[SourceVersionDate "2019.09.30"]
[SourceQuality "1"]

1. e4 e5 2. Nf3 Nc6 3. Nc3 d6 4. d3 Be7 5. Nd5 f5 6. Nxe7 Ngxe7 7. Be2 0-0 8. c3 Be6 9. Ng5 Qd7 10. Bd2 fxe4 11. dxe4 Ng6 12. b3 Nf4 13. Bxf4 Rxf4 14. Nxe6 Rxe4 15. Qd5 1-0